Introductory functional analysis with applications (Record no. 543783)

000 -LEADER
fixed length control field 00464nam a22001457a 4500
020 ## - INTERNATIONAL STANDARD BOOK NUMBER
International Standard Book Number 8126511915
082 ## - DEWEY DECIMAL CLASSIFICATION NUMBER
Classification number 515.7
Author Mark KRE
-- N-01, P-155
100 ## - MAIN ENTRY--PERSONAL NAME
Personal name Kreyszig, Erwin
9 (RLIN) 572
245 ## - TITLE STATEMENT
Title Introductory functional analysis with applications
Statement of responsibility, etc. Kreyszig, Erwin
260 ## - PUBLICATION, DISTRIBUTION, ETC.
Place of publication, distribution, etc. India
Name of publisher, distributor, etc. Wiley Classics LIbrary Edition publications
Date of publication, distribution, etc. 1989
300 ## - PHYSICAL DESCRIPTION
Extent xiv, 688 p. :
Other physical details ill, ;
Dimensions 20 cm.
526 ## - STUDY PROGRAM INFORMATION NOTE
Program name 0
Interest level 0
Reading level 0
Title point value 515_700000000000000_KRE
650 ## - SUBJECT ADDED ENTRY--TOPICAL TERM
Topical term or geographic name entry element NUST
9 (RLIN) 6342
942 ## - ADDED ENTRY ELEMENTS (KOHA)
Source of classification or shelving scheme
Koha item type Book
Holdings
Withdrawn status Lost status Source of classification or shelving scheme Damaged status Not for loan Permanent Location Current Location Date acquired Total Checkouts Full call number Barcode Date last seen Date last checked out Price effective from Koha item type
          Military College of Engineering (MCE) Military College of Engineering (MCE) 04/02/2014 1 515.7 KRE MCE-39044 08/22/2017 07/14/2017 03/14/2021 Book
© 2023 Central Library, National University of Sciences and Technology. All Rights Reserved.